000 00472nam a2200217Ia 4500
008 210210b1845 xxu||||| |||| 00| 0 eng d
041 _aeng
082 _a828/316
100 _aJESSE (J H)
245 _aMemoirs of the pretenders Vol II
260 _aLondon
_bNot Mentioned
_c1845
440 _aII
650 _aVol
650 _athe
650 _apretenders
650 _aof
650 _aMemoirs
650 _aII
690 _aBiography
906 _a016161
999 _c135571
_d135571